| 000 | 01132nas a2200277 c 4500 | ||
|---|---|---|---|
| 003 | BLK | ||
| 005 | 20180422122250.0 | ||
| 008 | 180413b bul |a|er|||| |0| c|bulo| | ||
| 010 | _aPRD00006268000 | ||
| 022 | _aC613-811X | ||
| 040 | _aBLK | ||
| 041 |
_aBUL _cBUL |
||
| 080 |
_aОбщи въпроси на науката и културата _b00 _x _z00 |
||
| 110 | 1 |
_aНар. младеж _eРед. кол.: Петрана Димитрова и др. _9388209 |
|
| 245 | 1 | 0 |
_aСПЕКТЪР _bКнига за наука, техника и култура _cНар. младеж ; Ред. кол.: Петрана Димитрова и др. _fНачална год. на издаване: 1964, Крайна год. на издаване: 1984 |
| 257 | _aBGR | ||
| 260 |
_аСофия _bНар. младеж _c1964 _fДП Д. Благоев |
||
| 300 | _c22 | ||
| 310 |
_апериодичност: 1 _eсрок за съхранение: 99 |
||
| 380 | _a0 | ||
| 852 | _aА 2331 | ||
| 856 |
_qpdf _u |
||
| 856 |
_qpdf _u |
||
| 942 |
_cCPU _n0 _s1 |
||
| 944 |
_aCR _cВася_Ганчева _k15.01.2003 |
||
| 944 |
_aED _cНефис_Фикрет _k16.07.2015 |
||
| 999 |
_c291079 _d291079 |
||